[Event "Pennant-chT"]
[Site "Adelaide"]
[Date "2010.09.14"]
[Round "1.3"]
[White "Turcaj, Pavel"]
[Black "Miletic, Savo"]
[Result "1-0"]
[WhiteElo "1600"]
[BlackElo "1378"]
[PlyCount "93"]
[EventDate "2010.09.14"]
[EventType "team-tourn"]
[EventRounds "7"]
[EventCountry "AUS"]
[SourceTitle "EXT 2023"]
[Source "ChessBase"]
[SourceDate "2022.10.05"]
[SourceVersion "1"]
[SourceVersionDate "2022.10.05"]
[SourceQuality "1"]

1. e4 d5 2. exd5 Qxd5 3. Nc3 Qa5 4. d4 Nf6 5. Nf3 Bg4 6. h3 Bh5 7. Bd2 Nbd7 8. Be2 e6 9. 0-0 Bd6 10. Re1 0-0 11. a3 c6 12. Nb5 Qxb5 13. Bxb5 cxb5 14. Bb4 Bxb4 15. axb4 a6 16. g4 Bg6 17. Ne5 Nb6 18. f4 Rac8 19. c3 Nfd5 20. Qf3 Ne7 21. Qxb7 Nbd5 22. Qxa6 Nxf4 23. Kh2 h5 24. Qxb5 hxg4 25. hxg4 Bc2 26. Qf1 g5 27. Qf2 Bb3 28. Qd2 f6 29. Nd7 Rf7 30. Nc5 Bd5 31. Ne4 Rh7+ 32. Kg1 Kf7 33. Nd6+ Kg7 34. Nxc8 Rh1+ 35. Kf2 Rh2+ 36. Ke3 Rxd2 37. Kxd2 Nxc8 38. b5 Nb6 39. Ra7+ Kg6 40. Kc2 f5 41. gxf5+ Kxf5 42. Ra6 Nc4 43. b3 Be4+ 44. Rxe4 Kxe4 45. bxc4 g4 46. b6 g3 47. b7 1-0

[Event "Pennant-chT"]
[Site "Adelaide"]
[Date "2009.10.13"]
[Round "5.3"]
[White "Staak, Eric"]
[Black "Miletic, Savo"]
[Result "1-0"]
[WhiteElo "1485"]
[BlackElo "1420"]
[PlyCount "39"]
[EventDate "2009.09.15"]
[EventType "team-tourn"]
[EventRounds "7"]
[EventCountry "AUS"]
[SourceTitle "EXT 2023"]
[Source "ChessBase"]
[SourceDate "2022.10.05"]
[SourceVersion "1"]
[SourceVersionDate "2022.10.05"]
[SourceQuality "1"]

1. e4 d5 2. exd5 Qxd5 3. Nc3 Qa5 4. b4 Qxb4 5. Rb1 Qa5 6. Rb5 Qa6 7. Rb3 Qe6+ 8. Be2 c6 9. Nf3 Nf6 10. 0-0 Qd6 11. d4 Qc7 12. Bc4 e6 13. Bd3 Bd6 14. Ne4 Nxe4 15. Bxe4 0-0 16. Bxh7+ Kh8 17. Ng5 Bf4 18. Bxf4 Qxf4 19. Qh5 Qf6 20. Bg6+ 1-0

[Event "Pennant-chT"]
[Site "Adelaide"]
[Date "2009.09.15"]
[Round "7.3"]
[White "Haydn, Gavin"]
[Black "Miletic, Savo"]
[Result "1-0"]
[WhiteElo "1476"]
[BlackElo "1420"]
[PlyCount "59"]
[EventDate "2009.09.15"]
[EventType "team-tourn"]
[EventRounds "7"]
[EventCountry "AUS"]
[SourceTitle "EXT 2023"]
[Source "ChessBase"]
[SourceDate "2022.10.05"]
[SourceVersion "1"]
[SourceVersionDate "2022.10.05"]
[SourceQuality "1"]

1. d4 d5 2. c4 c6 3. Nc3 Nf6 4. Nf3 Bf5 5. cxd5 Nxd5 6. Qb3 Nb6 7. e4 Bg4 8. Ng5 e6 9. Be3 h6 10. Nf3 Be7 11. Ne5 Bh5 12. g4 Bg6 13. Nxg6 fxg6 14. 0-0-0 Qc8 15. Kb1 0-0 16. f4 Kh8 17. h4 N8d7 18. Qxe6 Qe8 19. Qb3 c5 20. d5 Rc8 21. d6 Bd8 22. e5 c4 23. Qc2 Qe6 24. Bh3 Qe8 25. g5 Rc6 26. gxh6 gxh6 27. Rdg1 Rg8 28. Bd4 Kh7 29. h5 Nf8 30. Bg2 1-0

[Event "Adelaide Interclub-A"]
[Site "Adelaide"]
[Date "2009.05.19"]
[Round "3.3"]
[White "Glascott, Brent"]
[Black "Miletic, Savo"]
[Result "0-1"]
[WhiteElo "1215"]
[BlackElo "1438"]
[PlyCount "138"]
[EventDate "2009.05.05"]
[EventType "team-tourn"]
[EventRounds "9"]
[EventCountry "AUS"]
[SourceTitle "EXT 2023"]
[Source "ChessBase"]
[SourceDate "2022.10.05"]
[SourceVersion "1"]
[SourceVersionDate "2022.10.05"]
[SourceQuality "1"]

1. e4 d5 2. exd5 Qxd5 3. Nc3 Qa5 4. Nf3 Nf6 5. Bc4 Bg4 6. Qe2 e6 7. 0-0 c6 8. Re1 Bd6 9. Ne4 Nxe4 10. Qxe4 Qh5 11. h3 Bxf3 12. Qxf3 Qxf3 13. gxf3 0-0 14. d4 Nd7 15. Bg5 Nb6 16. Bb3 a5 17. a4 h6 18. Bd2 Bb4 19. c3 Bd6 20. Kh1 Nd5 21. Bxd5 cxd5 22. Rg1 Kh7 23. Rg2 b6 24. Rag1 g6 25. Rg4 Rab8 26. Rh4 h5 27. Bf4 Bxf4 28. Rxf4 b5 29. axb5 Rxb5 30. h4 Rxb2 31. Ra1 Rb5 32. Ra4 Kg7 33. c4 Rb1+ 34. Kg2 Ra8 35. cxd5 exd5 36. Ra2 a4 37. Re2 Ra7 38. Re5 Rb5 39. Rfe4 dxe4 40. Rxb5 exf3+ 41. Kxf3 a3 42. Rb1 a2 43. Ra1 Kf6 44. Ke4 Ke6 45. f4 f5+ 46. Kd3 Ra3+ 47. Kc4 Ra4+ 48. Kc5 Ra5+ 49. Kc4 Kd6 50. Kb4 Ra8 51. Kc4 Ra4+ 52. Kb3 Rxd4 53. Rxa2 Rxf4 54. Ra6+ Ke5 55. Rxg6 Rxh4 56. Kc3 Re4 57. Kd3 Kf4 58. Rg1 h4 59. Rf1+ Kg5 60. Rf3 Kg4 61. Rf1 h3 62. Rg1+ Kh4 63. Rg8 h2 64. Rh8+ Kg3 65. Rg8+ Rg4 66. Rh8 Kg2 67. Rh5 h1Q 68. Rxh1 Kxh1 69. Ke3 Kg2 0-1

[Event "Adelaide Interclub-A"]
[Site "Adelaide"]
[Date "2008.06.17"]
[Round "8.3"]
[White "Miletic, Savo"]
[Black "Anderson Smith, William T"]
[Result "0-1"]
[WhiteElo "1533"]
[BlackElo "1573"]
[PlyCount "62"]
[EventDate "2008.04.29"]
[EventType "tourn"]
[EventRounds "9"]
[EventCountry "AUS"]
[SourceTitle "EXT 2010"]
[Source "ChessBase"]
[SourceDate "2010.11.25"]
[SourceVersion "1"]
[SourceVersionDate "2010.11.25"]
[SourceQuality "1"]

1. d4 d5 2. Nf3 Nf6 3. Bf4 Bf5 4. e3 e6 5. Be2 Bd6 6. Bg5 Nbd7 7. Nbd2 0-0 8. Nh4 Bg6 9. f4 h6 10. Bxf6 Nxf6 11. g3 c5 12. c3 a6 13. Ndf3 Be4 14. Bd3 b5 15. Rg1 b4 16. g4 Bxd3 17. Qxd3 bxc3 18. bxc3 cxd4 19. cxd4 Bb4+ 20. Kf1 Ne4 21. g5 h5 22. g6 f6 23. Kg2 Qd7 24. h3 Rfc8 25. Rac1 Rc3 26. Qe2 Qa4 27. Rgd1 Qb5 28. Qb2 Rac8 29. Rxc3 Rxc3 30. Ne1 Rxe3 31. Qc1 Qe2+ 0-1

[Event "Adelaide Interclub-A"]
[Site "Adelaide"]
[Date "2008.05.20"]
[Round "4.3"]
[White "Glascott, Brent"]
[Black "Miletic, Savo"]
[Result "0-1"]
[WhiteElo "1178"]
[BlackElo "1533"]
[PlyCount "102"]
[EventDate "2008.04.29"]
[EventType "tourn"]
[EventRounds "9"]
[EventCountry "AUS"]
[SourceTitle "EXT 2010"]
[Source "ChessBase"]
[SourceDate "2010.11.25"]
[SourceVersion "1"]
[SourceVersionDate "2010.11.25"]
[SourceQuality "1"]

1. e4 d5 2. exd5 Qxd5 3. Nf3 Nf6 4. Be2 Bf5 5. 0-0 e6 6. Nc3 Qa5 7. Re1 Bd6 8. Nd4 Bg6 9. d3 c6 10. Bd2 Qc7 11. Nf3 Nbd7 12. h3 0-0 13. Bf1 b5 14. Ne4 Rad8 15. Nxd6 Qxd6 16. Nh4 Bh5 17. Be2 Bxe2 18. Qxe2 Qd4 19. Nf3 Qxb2 20. Rec1 Nb6 21. Ng5 Qd4 22. Nxe6 fxe6 23. Qxe6+ Kh8 24. Qxc6 Qd5 25. Qc3 Rc8 26. Qa5 Qd7 27. Rab1 Rfe8 28. Rxb5 Re2 29. Bc3 Rxc3 30. Rxb6 Qd4 31. Rb8+ Ng8 32. Qf5 g6 33. Qf8 Qg7 34. Qf3 Rexc2 35. Rxg8+ Kxg8 36. Qd5+ Qf7 37. Qd8+ Kg7 38. Qd4+ Qf6 39. Qxa7+ Kh6 40. Rxc2 Rxc2 41. a4 Rc1+ 42. Kh2 Qf4+ 43. g3 Qf3 44. Qe3+ Qxe3 45. fxe3 Rc3 46. Kg2 Rxd3 47. Kf3 Ra3 48. a5 Rxa5 49. Kf4 g5+ 50. Kf3 Kg6 51. g4 Kf6 0-1

[Event "Adelaide Interclub-A"]
[Site "Adelaide"]
[Date "2008.04.29"]
[Round "1.3"]
[White "Miletic, Savo"]
[Black "Short, Andrew"]
[Result "0-1"]
[WhiteElo "1533"]
[BlackElo "1703"]
[PlyCount "82"]
[EventDate "2008.04.29"]
[EventType "tourn"]
[EventRounds "9"]
[EventCountry "AUS"]
[SourceTitle "EXT 2010"]
[Source "ChessBase"]
[SourceDate "2010.11.25"]
[SourceVersion "1"]
[SourceVersionDate "2010.11.25"]
[SourceQuality "1"]

1. d4 Nf6 2. Nf3 g6 3. Bf4 Bg7 4. c3 0-0 5. e3 d6 6. Bd3 c5 7. Nbd2 Nbd7 8. Qc2 b6 9. h4 Bb7 10. e4 cxd4 11. cxd4 Qc8 12. Qd1 Ba6 13. Rc1 Qb7 14. Qe2 Bxd3 15. Qxd3 Rac8 16. Rc3 Rxc3 17. bxc3 Rc8 18. 0-0 Nh5 19. Be3 Ndf6 20. Nh2 Nd7 21. g4 Nhf6 22. f3 Qc7 23. Rc1 e5 24. Nb3 d5 25. g5 dxe4 26. fxe4 Nh5 27. d5 Qc4 28. Qc2 Ng3 29. Nd2 Ne2+ 30. Kf2 Qxc3 31. Qxc3 Rxc3 32. Re1 Nd4 33. Bxd4 exd4 34. Nb3 Nc5 35. Nf3 Nd3+ 36. Ke2 Nxe1 37. Nxe1 Re3+ 38. Kd2 Rxe4 39. Nf3 Kf8 40. a4 Ke7 41. a5 Kd6 0-1

[Event "Adelaide Interclub"]
[Site "Adelaide"]
[Date "2004.??.??"]
[Round "7"]
[White "Anderson Smith, William T"]
[Black "Miletic, Savo"]
[Result "1-0"]
[WhiteElo "1625"]
[BlackElo "1625"]
[PlyCount "33"]
[EventDate "2004.??.??"]
[EventType "team-tourn"]
[EventRounds "9"]
[EventCountry "AUS"]
[SourceTitle "EXT 2007"]
[Source "ChessBase"]
[SourceDate "2006.11.23"]
[SourceVersion "1"]
[SourceVersionDate "2006.11.23"]
[SourceQuality "1"]

1. d4 Nc6 2. c4 d5 3. cxd5 Qxd5 4. Nf3 Bf5 5. Nc3 Qd8 6. d5 Nb8 7. e4 Bg6 8. Bf4 c6 9. Be2 Nf6 10. dxc6 Nxc6 11. Qa4 Qa5 12. Qxa5 Nxa5 13. Nb5 Rc8 14. 0-0 Bxe4 15. Nc7+ Kd7 16. Rfd1+ Kc6 17. Rac1+ 1-0